Southville International School and Colleges
Your cart is empty.
  • Cart
  • Lists
    Public lists list_1 View all
    Your lists Log in to create your own lists
  • Log in to your account
  • Your cookies
  • Search history
Southville International School and Colleges
  • Advanced search
  • Recent comments
  • Most popular
  • Libraries

Log in to your account

Log in with GOOGLE


If you do not have an external account, but do have a local account, you can still log in:

  1. Home
  2. MARC view: 123 . . . /
Normal view MARC view ISBD view

123 . . . / (Record no. 103792)

[ view plain ]
MARC details
000 -LEADER
fixed length control field 00468nam a2200169 a 4500
005 - DATE AND TIME OF LATEST TRANSACTION
control field 20140412111308.0
008 - FIXED-LENGTH DATA ELEMENTS--GENERAL INFORMATION
fixed length control field 010424s19uu xx 00 eng d
020 ## - INTERNATIONAL STANDARD BOOK NUMBER
International Standard Book Number 0-395-70736-6
050 ## - LIBRARY OF CONGRESS CALL NUMBER
Classification number TR(GS 513
Item number O49 1994
100 ## - MAIN ENTRY--PERSONAL NAME
Personal name Olyff, Clotilde
245 ## - TITLE STATEMENT
Title 123 . . . /
Statement of responsibility, etc by Clotilde Olyff.
260 ## - PUBLICATION, DISTRIBUTION, ETC. (IMPRINT)
Place of publication, distribution, etc New York :
Name of publisher, distributor, etc Ticknor & Fields Books for Young Readers,
Date of publication, distribution, etc 1994.
300 ## - PHYSICAL DESCRIPTION
Extent 1 v. (unp.) ; ill.
650 ## - SUBJECT ADDED ENTRY--TOPICAL TERM
Topical term or geographic name as entry element Numbers
650 ## - SUBJECT ADDED ENTRY--TOPICAL TERM
Topical term or geographic name as entry element Counting
Holdings
Withdrawn status Lost status Damaged status Home library Current library Shelving location Date acquired Source of acquisition Total Checkouts Full call number Barcode Date last seen Price effective from Koha item type
      Elizalde Library Elizalde Library Teachers Reference Section 04/24/2001     TR(GS 513 O49 1994 E5892 04/12/2014 04/12/2014 Books

123 . . . /

APA

Olyff C., . (1994). 123. New York: Ticknor & Fields Books for Young Readers.

Chicago

Olyff Clotilde, . 1994. 123. New York: Ticknor & Fields Books for Young Readers.

Harvard

Olyff C., . (1994). 123. New York: Ticknor & Fields Books for Young Readers.

MLA

Olyff Clotilde, . 123. New York: Ticknor & Fields Books for Young Readers. 1994.

  • Place hold
  • Print
  • Cite
  • Add to your cart (remove)
  • Save record
    BIBTEX Dublin Core MARCXML MARC (non-Unicode/MARC-8) MARC (Unicode/UTF-8) MARC (Unicode/UTF-8, Standard) MODS (XML) RIS
  • More searches
    Search for this title in:
    Other Libraries (WorldCat) Other Databases (Google Scholar) Online Stores (Bookfinder.com) Open Library (openlibrary.org)

Exporting to Dublin Core...

SOUTHVILLE LIBRARY

Southville International School and Colleges Library

1281 Tropical Ave. Cor. Luxembourg St., BF Homes International, Las Pinas City

Tel. No. 8256374 / 252358 Loc. 117/146

Powered by Koha